<The> Self-Concept in Consumer Behaviour Based on the Example of Luxury Brands
Psychologická sebakoncepcia v spotrebiteľskom správaní odrážajúca rôzne typy obrazov o sebe samom (skutočný a ideálny sebaobraz, sociálny sebaobraz a ideálny sociálny sebaobraz). Teória vzájomnej zhody a potreba jednotlivca vyjadriť svoju vlastnú identitu. Motivácia v správaní spotrebiteľa (pozitívn...
Salvato in:
| Autore principale: | |
|---|---|
| Natura: | Capitolo di libro |
| Lingua: | inglese |
| Soggetti: | |
| Tags: |
Nessun Tag, puoi essere il primo ad aggiungerne!!
|
MARC
| LEADER | 00000naa a2200000 4500 | ||
|---|---|---|---|
| 001 | 0273110 | ||
| 005 | 20220318104333.7 | ||
| 041 | 0 | |a eng | |
| 044 | |a CZ | ||
| 245 | 1 | 0 | |a <The> Self-Concept in Consumer Behaviour Based on the Example of Luxury Brands |c Christopher B. Jakob |
| 520 | |a Psychologická sebakoncepcia v spotrebiteľskom správaní odrážajúca rôzne typy obrazov o sebe samom (skutočný a ideálny sebaobraz, sociálny sebaobraz a ideálny sociálny sebaobraz). Teória vzájomnej zhody a potreba jednotlivca vyjadriť svoju vlastnú identitu. Motivácia v správaní spotrebiteľa (pozitívna sebaúcta, konzistencia a sebahodnotenie) a jej uspokojovanie vďaka nákupu a vlastneniu luxusných značiek. Psychologické zvýšenie svojej sebaúcty a dosiahnutie svojho želaného ideálneho ja vďaka nákupu luxusných značiek. | ||
| 610 | 2 | 0 | |a správanie spotrebiteľa |
| 610 | 2 | 0 | |a tovar luxusný |
| 610 | 2 | 0 | |a značky výrobné |
| 610 | 2 | 0 | |a značky výrobkov |
| 610 | 2 | 0 | |a psychológia predaja |
| 610 | 2 | 0 | |a psychológia reklamy |
| 610 | 2 | 0 | |a štúdie psychologické |
| 100 | 1 | |a Jakob, Christopher B. | |